000 00669nam a2200241Ia 4500
005 20260121112637.0
008 7639 260114s9999 xx 000 0 eng d
020 _a9789812708472
037 _aEBOOK
040 _aCRL
_beng
_cCRL
041 _aeng
_2eng
084 _qCRL
100 _aIonescu Dan & Cornell Aurel
_9960901
245 0 _aReal-Time Systems: Modeling, Design and Applications
260 _bWorld Scientific
260 _bWSPC
260 _c2007
650 _aEngineering / Acoustics
_9960902
856 _uhttps://www.worldscientific.com/worldscibooks/10.1142/4526#t=toc
942 _cEBOOK
999 _c1544939
_d1544939